000 00617nam a2200217 i 4500
001 61350
003 ES-MaACL
005 20230906164434.0
007 t|
008 031111s1969 xxu ||||1| eng d
020 _a0-394-34197-X
245 0 0 _aEuropean witchcraft /
_cE. William Monter, editor.
250 _a[1st ed.].
260 _aNew York :
_bAlfred A. Knopf,
_c[1969]
300 _aXIII, 177 p. ;
_c22 cm.
490 1 _aMajor issues in History
700 1 _aMonter, E. William.
_982462
830 0 _aMajor issues in History
_9230593
852 _aES-MaACL
_jL-11052
_bR.112686
999 _c61350
_d61350